01251nam a2200265Ia 4500001001200000003000800012006001900020007001500039008004100054040002100095035002100116050002600137110010400163245010600267260005500373300002500428500008600453533015200539650002500691650001500716655002900731710008200760710001700842856012600859ebr10056901CaPaEBRm u cr cn|||||||||760310s1975 dcua s 000 0 eng u aCaPaEBRcCaPaEBR a(OCoLC)72682298514aTA403.6b.N374 1975eb2 aNational Academy of Sciences (U.S.).bCommittee on the Survey of Materials Science and Engineering.10aMaterials and man's needs.nVolume 4,pAspects of materials technology abroadh[electronic resource]. aWashington :bNational Academy of Sciences,c1975. axxvi, 301 p. :bill. aPrepared under the aegis of the Academy's Committee on Science and Public Policy. aElectronic reproduction.bPalo Alto, Calif. :cebrary,d2009.nAvailable via World Wide Web.nAccess may be limited to ebrary affiliated libraries. 0aMaterialsxResearch. 0aMaterials. 7aElectronic books.2local2 aNational Academy of Sciences (U.S.).bCommittee on Science and Public Policy.2 aebrary, Inc.40uhttp://site.ebrary.com/lib/rucke/Doc?id=10056901zAn electronic book accessible through the World Wide Web; click to view